01339 2200289 4500001002100000005001500021035002000036007000300056008004100059020001800100082001400118084002000132100002800152245005600180250001800236300002500254700002900279520054800308600001800856740003700874264003200911336002100943337003000964338002300994990001601017990001601033INLIS00000000000131820260602022732 a0010-0626000015ta260602 g f ind  a9789791685398 a823.087 2 a823.087 2 GOR p0 aGorky, MaximePengarang1 aPecundang /cMaxim Gorky ; penerjemah, Ahmad Asnawi aCetakan Kedua a406 halaman ;c21 cm0 aAhmad AsnawiePenerjemah aNovel ini menceritakan tentang Yevsey Klimkov, seorang anak yatim yang tumbuh dalam kehidupan penuh kepahitan. Ayahnya tewas tertembak saat Yevsey berusia empat tahun, dan ia harus diasuh oleh keluarga pamannya. Berlatar belakang masa-masa pergolakan menjelang Revolusi Rusia, Yevsey tumbuh menjadi sosok yang risau dan miskin insting politik. Tanpa disadari, ia terpaksa bergabung dengan rezim Czar untuk memata-matai kawan-kawannya sendiri, yang kemudian menjebaknya dalam konflik kesetiaan, tatanan sosial yang mencekam, dan histeria massa. 4aFiksi Inggris aThe Life of A Useless Man Carrol aYogyakarta :bNarasi,c2017 2rdacontentaTeks 2rdamediaaTanpa perantara 2rdacarrieraVolume aPP002584/19 aPP002585/19